Anatomía del caballo : una aproximación gráfica a la estructura equina /

Guardado en:
Autor Principal: Goody, Peter C
Formato: Libro
Publicado: Zaragoza (españa) : Acribia, 1976
Materias:
Etiquetas: Agregar Etiqueta
Sin Etiquetas, Sea el primero en etiquetar este registro!
LEADER 00763nam a22002295a 4500
001 CEM.cems015902
008 130507s1976##################000#0#####d
005 20210825190457.0
003 CEMS
245 1 0 |a Anatomía del caballo :  |b una aproximación gráfica a la estructura equina /  |c Peter C Goody, 
260 |a Zaragoza (españa) :  |b Acribia,  |c 1976 
300 |a 81 p. 
020 |a 8420004278 
100 1 |a Goody, Peter C 
082 0 4 |a 636.1 
653 |a Equinos-esqueleto 
653 |a Equinos 
653 |a Equinos-anatomía 
653 |a Ganadería 
859 |a CEMS  |b BIB. CEMS - Agricultura  |h 636.1  |i G639  |p A7186.79  |t Ej.1 
859 |a CEMS  |b BIB. CEMS - Agricultura  |h 636.1  |i G639  |p A11492.82  |t Ej.2 
859 |a CEMS  |b BIB. CEMS - Agricultura  |h 636.1  |i G639  |p A15962.90  |t Ej.3